| 000 | 00358nam a22001337a 4500 | ||
|---|---|---|---|
| 020 | _a8176220000 | ||
| 082 | _a581.2 JAM/DI | ||
| 100 | _aJames G Dickson | ||
| 245 | _aDiseases Of Field Crops | ||
| 260 |
_aDelhi _bBiotech Books _c2003 |
||
| 300 | _a429 | ||
| 650 |
_ageneral introduction _adiseases of cereals and grasses _adiseases of legumes |
||
| 942 | _cBK | ||
| 999 |
_c298648 _d298648 |
||